000 00437cam a22001575a 4500
001 J100948
008 000000s1930 xxk 000 0 eng u
035 _a(Sirsi) u100948
110 _aAuctioneers' and Estate Agents' Institute of the United Kingdom
_93789
245 _aYear book and list of members 1930-1931.
260 _c1930
300 _a402p.
651 4 _aUnited Kingdom
_y
690 _aBusiness and management
942 _n0
999 _c99943
_d99943